000
00274nam a2200121 4500
999
_c
11274
_d
11274
003
OSt
005
20230216171800.0
008
230216b ||||| |||| 00| 0 eng d
100
_a
Mikhail Dunaev
245
_a
Smolensk
260
_b
Progress publishers/Moscow
942
_2
ddc